Largest Republican Cities - Statistics

General Stats
  • This quiz has been taken 75 times
  • The average score is 10 of 14
Answer Stats
Population State Answer % Correct
631,346 Oklahoma Oklahoma City
86%
833,319 Texas Fort Worth
82%
868,031 Florida Jacksonville
79%
456,568 Colorado Colorado Springs
77%
443,885 Nebraska Omaha
77%
1,394,928 California San Diego
75%
403,505 Oklahoma Tulsa
71%
681,124 Texas El Paso
70%
441,003 Florida Miami
70%
452,745 Virginia Virginia Beach
70%
389,965 Kansas Wichita
68%
471,825 Arizona Mesa
63%
520,052 California Fresno
61%
388,125 Texas Arlington
50%
No matching quizzes found
Score Distribution
Percent of People with Each Score
Percentile by Number Answered
Your Score History
You have not taken this quiz